000 00841nas a2200265 4500
001 BR9800109
003 BR-BrBNA
005 20231205100652.0
007 ta
008 230509b bl.|||p| |||| 00| 00por d
040 _aBR-BrBNA
_bpor
_cBiblioteca Nacional de Agricultura
041 _a(Pt)
072 _aH10
100 1 _aSantos, G.P.
100 1 _aZanuncio, J.C.
100 1 _aFantuzzi Neto, H.
100 1 _aZanuncio, T.V.
245 1 _aAspectos biologicos e morfologicos de Dirphiopsis eumedidoides (Vuillot, 1893)(Lepidoptera: Saturniidae)em folhas de Eucalyptus grandis
650 _aEucalipto
650 _aPraga de Planta
650 _aBiologia
773 0 _tRevista Arvore (Brazil)
_xISSN 0100-6762
_g(Sep-Dec 1993), v. 17(3) p. 351-357
_wBR9800109
909 _a202311
_bLúcia
_c55
_dLúcia Elande
942 _2AGRIS
_n0
_cANA
999 _c157354
_d157354